ბათუმის შოთა რუსთაველის სახელმწიფო უნივერსიტეტის ბიბლიოთეკა

Приборы и методы измерения электрических величин. (ბიბ.ჩანაწერი № 40397)

000 -LEADER
fixed length control field 00802nam a2200241Ia 4500
001 - CONTROL NUMBER
control field 7005
003 - CONTROL NUMBER IDENTIFIER
control field GE_BSU
008 - FIXED-LENGTH DATA ELEMENTS--GENERAL INFORMATION
fixed length control field 181216s||||||||xx |||||||||||||| ||und||
020 ## - INTERNATIONAL STANDARD BOOK NUMBER
International Standard Book Number 5060001067
040 ## - CATALOGING SOURCE
Transcribing agency GE_BSU
080 ## - UNIVERSAL DECIMAL CLASSIFICATION NUMBER
Universal Decimal Classification number 621.317(075)
100 ## - MAIN ENTRY--PERSONAL NAME
Personal name Атамалян,Э.Г.
245 ## - TITLE STATEMENT
Title Приборы и методы измерения электрических величин.
245 ## - TITLE STATEMENT
Remainder of title Учебное пособие.
245 ## - TITLE STATEMENT
Statement of responsibility, etc. Ред.И.Е.Якушина.
250 ## - EDITION STATEMENT
Edition statement Изд. второе, перераб. и дополненное.
260 ## - PUBLICATION, DISTRIBUTION, ETC.
Place of publication, distribution, etc. М.
260 ## - PUBLICATION, DISTRIBUTION, ETC.
Name of publisher, distributor, etc. Высшая школа.
260 ## - PUBLICATION, DISTRIBUTION, ETC.
Date of publication, distribution, etc. 1989.
300 ## - PHYSICAL DESCRIPTION
Extent 394стр. 21см. с илл.
653 ## - INDEX TERM--UNCONTROLLED
Uncontrolled term Приборы и методы измерения электрических величин.
942 ## - ADDED ENTRY ELEMENTS (KOHA)
Koha item type წიგნი
ეგზემპლარები
Withdrawn status Lost status Damaged status Not for loan Date acquired Barcode Date last seen Price effective from Koha item type
        2018-12-17 10125 2018-12-17 2018-12-17 წიგნი